| 000 | 00493nam a2200157Ia 4500 | ||
|---|---|---|---|
| 008 | 240729s9999 xx 000 0 und d | ||
| 245 | 0 | _aCarpathian Journal of Food Science and Technology | |
| 260 | _aRomania | ||
| 260 | _bTechnical University of Cluj Napoca Publishing House | ||
| 650 | _a Chemical technology | ||
| 650 | _a Food processing and manufacture | ||
| 650 | _aTechnology | ||
| 856 | _uhttps://doaj.org/toc/3268ec8fa3e944dcaf063aecb7d8ef99 | ||
| 942 | _2ddc | ||
| 942 | _cDOAJEJ | ||
| 999 |
_c70492 _d70492 |
||
| 945 |
_a1 _bMadushi Gamage _c1 _dMadushi Gamage |
||